000 00854cam a22002291 4500
001 sa 67002693
003 DLC
005 20260227112332.0
008 860422s1964 io c 000 0 ind
010 _asa 67002693
025 _aPL480:Indo-2772
035 _a(OCoLC)13481314
040 _aDLC
_cKyU
_dKyU
_dDLC
042 _apremarc
050 0 0 _aJQ779.A56
_bS3
100 1 _aSastroamidjojo, Ali,
_d1903-1975.
245 1 0 _aPak Ali: Dengan apinja Marhaenisme kita laksanakan Dwikora.
_cPidato dalam rapat raksasa peringatan ulang tahun P.N.I. jang ke-37 di Lembaga-Administrasi Negara, Djakarta, 4 Djuli 1964.
260 _a[Djakarta,
_bDepartemen Penerangan-Propaganda, Partai Nasional Indonesia,
_c1964?]
300 _a43 p.
_bport.
_c21 cm.
610 2 0 _aPartai Nasional Indonesia.
740 0 _aDengan apinja Marhaenisme kita laksanakan Dwikora.
999 _c73376
_d73376